Southville International School and Colleges
Your cart is empty.
  • Cart
  • Lists
    Public lists Eva Luna New books Lux_list list_1
    Your lists Log in to create your own lists
  • Log in to your account
  • Your cookies
  • Search history
Southville International School and Colleges
  • Advanced search
  • Recent comments
  • Most popular
  • Libraries

Log in to your account

Log in with GOOGLE


If you do not have an external account, but do have a local account, you can still log in:

  1. Home
  2. MARC view: Marketing research. /
Normal view MARC view ISBD view

Marketing research. / (Record no. 22522)

[ view plain ]
MARC details
000 -LEADER
fixed length control field 00660nam a2200241 a 4500
005 - DATE AND TIME OF LATEST TRANSACTION
control field 20140310183412.0
008 - FIXED-LENGTH DATA ELEMENTS--GENERAL INFORMATION
fixed length control field 070912s19uu xx 00 eng d
020 ## - INTERNATIONAL STANDARD BOOK NUMBER
International Standard Book Number 047081070x
050 ## - LIBRARY OF CONGRESS CALL NUMBER
Classification number HF 5415.2
Item number .Aa41 2007
100 ## - MAIN ENTRY--PERSONAL NAME
Personal name Aaker, David A.
245 ## - TITLE STATEMENT
Title Marketing research. /
250 ## - EDITION STATEMENT
Edition statement 2nd Pacific Rim ed.
260 ## - PUBLICATION, DISTRIBUTION, ETC. (IMPRINT)
Place of publication, distribution, etc U.S.A :
Name of publisher, distributor, etc John Wiley & Sons Australia, Ltd,
Date of publication, distribution, etc 2007.
300 ## - PHYSICAL DESCRIPTION
Extent 601 P. :
Other physical details COL. ILL.
Dimensions 27 cm.
521 ## - TARGET AUDIENCE NOTE
Target audience note
650 ## - SUBJECT ADDED ENTRY--TOPICAL TERM
Topical term or geographic name as entry element Marketing research
General subdivision Textbooks.
700 ## - ADDED ENTRY--PERSONAL NAME
Personal name Kumar, V.
700 ## - ADDED ENTRY--PERSONAL NAME
Personal name Day, George S.
700 ## - ADDED ENTRY--PERSONAL NAME
Personal name Lawley, Meredith
700 ## - ADDED ENTRY--PERSONAL NAME
Personal name Stewart, David
942 ## - ADDED ENTRY ELEMENTS (KOHA)
Koha item type Books
Source of classification or shelving scheme Library of Congress Classification
Call number prefix Foreign
Holdings
Withdrawn status Lost status Source of classification or shelving scheme Damaged status Home library Current library Shelving location Date acquired Source of acquisition Total Checkouts Total Renewals Full call number Barcode Date last seen Date checked out Copy number Price effective from Koha item type
    Library of Congress Classification   College Library College Library General Circulation Section 01/20/2014 Donation 1 4 HF 5415.2 .Aa41 2007 C8559 05/15/2018 01/10/2015 1 01/20/2014 Books

Marketing research. /

APA

Aaker D. A., Kumar V., Day G. S., Lawley M. & Stewart D. (2007). Marketing research. U.S.A: John Wiley & Sons Australia, Ltd.

Chicago

Aaker David A, Kumar V, Day George S, Lawley Meredith and Stewart David. 2007. Marketing research. U.S.A: John Wiley & Sons Australia, Ltd.

Harvard

Aaker D. A., Kumar V., Day G. S., Lawley M. and Stewart D. (2007). Marketing research. U.S.A: John Wiley & Sons Australia, Ltd.

MLA

Aaker David A, Kumar V, Day George S, Lawley Meredith and Stewart David. Marketing research. U.S.A: John Wiley & Sons Australia, Ltd. 2007.

  • Place hold
  • Print
  • Cite
  • Add to your cart (remove)
  • Save record
    BIBTEX Dublin Core MARCXML MARC (non-Unicode/MARC-8) MARC (Unicode/UTF-8) MARC (Unicode/UTF-8, Standard) MODS (XML) RIS
  • More searches
    Search for this title in:
    Other Libraries (WorldCat) Other Databases (Google Scholar) Online Stores (Bookfinder.com) Open Library (openlibrary.org)

Exporting to Dublin Core...

SOUTHVILLE LIBRARY

Southville International School and Colleges Library

1281 Tropical Ave. Cor. Luxembourg St., BF Homes International, Las Pinas City

Tel. No. 8256374 / 252358 Loc. 117/146

Powered by Koha